000 00817nam a2200289Ia 4500
003 OSt
005 20221006144332.0
006 a|||||r|||| 00| 0
007 ta
008 221006b |||||||| |||| 00| 0 eng d
020 _a0374121982
_c£4.95
020 _a9780374121983
024 _a11,438
037 _cTextual
040 _aEASL
_cEASL
_beng
041 _2eng
_aeng
082 _aU8.41.N76, M1
100 _aGARSIDE Evelyne
_9651659
245 0 _aChina companion
_b A guide to 100 cities, resorts and places of interest in the People's Republic of China
260 _aLondon
_bAndre Deutsch
_c1981
300 _a276p.
_ccm.
490 _v CEL
650 _a CEL
650 _aChina - Travel
942 _hU8.41.N76, M1
_cTEXL
_2CC
999 _c1079524
_d1079524